[Event "Muensterland Verbandsklasse-A 1213"]
[Site "Germany"]
[Date "2012.12.15"]
[Round "4.7"]
[White "Fink, Franz Josef"]
[Black "Meyer, Michael"]
[Result "0-1"]
[WhiteElo "1637"]
[BlackElo "1759"]
[PlyCount "62"]
[EventDate "2012.09.15"]
[EventType "team-tourn"]
[EventRounds "9"]
[EventCountry "GER"]
[SourceTitle "EXT 2015"]
[Source "ChessBase"]
[SourceDate "2014.11.20"]
[SourceVersion "1"]
[SourceVersionDate "2014.11.20"]
[SourceQuality "1"]
[WhiteTeam "Nienberge II"]
[BlackTeam "Olfen"]
[WhiteTeamCountry "GER"]
[BlackTeamCountry "GER"]

1. e4 e6 2. d4 d5 3. e5 c5 4. c3 Nc6 5. Nf3 Qb6 6. a3 a5 7. Qa4 Bd7 8. Bb5 Nxe5 9. Bxd7+ Nxd7 10. b4 c4 11. 0-0 Bd6 12. Be3 Ngf6 13. Ne5 Ke7 14. b5 Qc7 15. f4 Ne4 16. Qc2 a4 17. Nd2 Ndf6 18. Nexc4 Nxd2 19. Nxd2 Rhc8 20. Nb1 Ne4 21. g3 f5 22. Rc1 Qc4 23. Ra2 Ra5 24. Nd2 Nxd2 25. Bxd2 Rxb5 26. Rb1 Rb3 27. Rab2 Qxd4+ 28. cxd4 Rxc2 29. Rxb3 axb3 30. Bb4 Bxb4 31. axb4 b2 0-1